| 000 | 00480nam a2200169Ia 4500 | ||
|---|---|---|---|
| 008 | 180921t2017 xxu||||| |||| 00| 0 sin d | ||
| 041 | _asin | ||
| 080 |
_a294.3 _bGNA |
||
| 100 | _aGnanananda Himi,Kiribathgoda | ||
| 245 | _aආනන්දය, සර්පයා දුටුවෙහිද? | ||
| 246 | _aAnandaya Sarpaya Dutuvehida ? | ||
| 260 |
_bMahamegha _aColombo _c2017 |
||
| 300 | _b09p, 29cm | ||
| 942 | _cBK | ||
| 999 |
_c1896 _d1896 |
||
| 003 | LK-CoDNM | ||
| 040 |
_aLK-CoDNM _dLK-CoDNM _eLK-CoDNM |
||